[Event "Mazowiec-chT op 1819"]
[Site "Warsaw"]
[Date "2018.12.02"]
[Round "2.1"]
[White "Krolikowski, Ryszard"]
[Black "Bojarski, Maksymilian"]
[Result "1-0"]
[WhiteElo "1969"]
[BlackElo "1139"]
[PlyCount "47"]
[EventDate "2018.12.02"]
[EventType "team-swiss"]
[EventRounds "10"]
[EventCountry "POL"]
[SourceTitle "EXT 2020"]
[Source "ChessBase"]
[SourceDate "2019.10.17"]
[SourceVersion "1"]
[SourceVersionDate "2019.10.17"]
[SourceQuality "1"]

1. e4 e6 2. d4 d5 3. e5 c5 4. c3 Nc6 5. Nf3 Qb6 6. Be2 Nge7 7. dxc5 Qxc5 8. Be3 Qa5 9. 0-0 Nf5 10. Bd4 g6 11. g4 Nfxd4 12. cxd4 Bg7 13. Nc3 0-0 14. g5 Qd8 15. Qd2 Bd7 16. Rfc1 Rc8 17. Nb5 a6 18. Nd6 Rb8 19. b4 Na7 20. a4 b6 21. Bxa6 Qe7 22. Rc7 Nc6 23. Rc1 Kh8 24. R1xc6 1-0

[Event "POL-chT3 Mazowiecki"]
[Site "Warsaw"]
[Date "2011.03.06"]
[Round "7.16"]
[White "Krolikowski, Ryszard"]
[Black "Grzenkowicz, Lukasz"]
[Result "1-0"]
[WhiteElo "2130"]
[BlackElo "1618"]
[PlyCount "59"]
[EventDate "2011.01.09"]
[EventType "team-tourn"]
[EventRounds "10"]
[EventCountry "POL"]
[SourceTitle "EXT 2015"]
[Source "ChessBase"]
[SourceDate "2014.11.20"]
[SourceVersion "1"]
[SourceVersionDate "2014.11.20"]
[SourceQuality "1"]
[WhiteTeam "Warszawa KU AZS UW w II"]
[BlackTeam "Bialoleka PKS Agape"]
[WhiteTeamCountry "POL"]
[BlackTeamCountry "POL"]

1. e4 e6 2. d4 d5 3. e5 c5 4. c3 Nc6 5. Nf3 cxd4 6. cxd4 Bb4+ 7. Nc3 Nge7 8. Be2 Nf5 9. 0-0 h6 10. Na4 Nh4 11. Nxh4 Qxh4 12. Be3 Qd8 13. a3 Ba5 14. Rc1 0-0 15. b4 Bb6 16. Nc5 Bxc5 17. Rxc5 a6 18. Bd3 Bd7 19. Bb1 Ne7 20. Qc2 Ng6 21. Rc1 b6 22. Rc7 Bb5 23. Rxf7 Rxf7 24. Qxg6 Kf8 25. Qh7 Ke7 26. Bg6 Qf8 27. Rc7+ Bd7 28. Bxf7 Qxf7 29. Bxh6 Kd8 30. Rc1 1-0

[Event "Warsaw FIDE op"]
[Site "Warsaw"]
[Date "2010.08.08"]
[Round "5"]
[White "Grzenkowicz, Lukasz"]
[Black "Krolikowski, Ryszard"]
[Result "0-1"]
[WhiteElo "1629"]
[BlackElo "2123"]
[PlyCount "102"]
[EventDate "2010.08.06"]
[EventType "swiss"]
[EventRounds "5"]
[EventCountry "POL"]
[SourceTitle "CBM 138 Extra"]
[Source "ChessBase"]
[SourceDate "2010.10.29"]
[SourceVersion "1"]
[SourceVersionDate "2010.10.29"]
[SourceQuality "1"]

1. d4 e6 2. Nf3 b6 3. g3 Bb7 4. Bg2 f5 5. 0-0 Nf6 6. c3 Be7 7. Ne5 Bxg2 8. Kxg2 0-0 9. e3 d6 10. Nd3 g5 11. f4 h6 12. fxg5 hxg5 13. Nf2 Qe8 14. g4 Qc6+ 15. Kg1 Kg7 16. gxf5 exf5 17. Nd3 Kg6 18. Qf3 Qxf3 19. Rxf3 Nbd7 20. Na3 Ne4 21. c4 c6 22. b4 d5 23. c5 b5 24. Nc2 a5 25. bxa5 Rxa5 26. Ncb4 Rc8 27. a3 Bf6 28. Bb2 Rc7 29. Rd1 Nf8 30. Rff1 Ne6 31. Nc2 Ra4 32. Bc1 Rc4 33. Nce1 Nxd4 34. exd4 Bxd4+ 35. Kg2 Nxc5 36. Nxc5 Bxc5 37. Nd3 Rc2+ 38. Kh1 Bd6 39. Rf2 Rxf2 40. Nxf2 Rh7 41. h3 Bg3 42. Kg2 Bxf2 43. Kxf2 Rxh3 44. Re1 Rc3 45. Rd1 f4 46. Rg1 Kf5 47. Ke2 g4 48. Rf1 f3+ 49. Kf2 d4 50. Kg3 Rc2 51. Bh6 Rg2+ 0-1

[Event "POL-chT 2nd League"]
[Site "Wysowa"]
[Date "2005.08.28"]
[Round "2.33"]
[White "Krolikowski, Ryszard"]
[Black "Szymanski, Andrzej"]
[Result "1/2-1/2"]
[WhiteElo "2198"]
[BlackElo "2217"]
[PlyCount "60"]
[EventDate "2005.08.27"]
[EventType "team-swiss"]
[EventRounds "9"]
[EventCountry "POL"]
[SourceTitle "EXT 2019"]
[Source "ChessBase"]
[SourceDate "2018.10.10"]
[SourceVersion "1"]
[SourceVersionDate "2018.10.10"]
[SourceQuality "1"]
[WhiteTeam "Pultusk Nadnarwianka"]
[BlackTeam "Zielonka Zieloni"]
[WhiteTeamCountry "POL"]
[BlackTeamCountry "POL"]

1. e4 e5 2. Nf3 Nc6 3. Bb5 Bc5 4. 0-0 Nf6 5. Nxe5 Nxe5 6. d4 a6 7. dxe5 axb5 8. exf6 Qxf6 9. Nc3 c6 10. e5 Qf5 11. b3 0-0 12. Bb2 d6 13. exd6 Rd8 14. Qe2 Bxd6 15. a4 bxa4 16. Rxa4 Rxa4 17. Nxa4 h6 18. Rd1 b5 19. Nc3 Be6 20. Rd3 b4 21. Ne4 Bd5 22. Nxd6 Rxd6 23. Rg3 Rg6 24. Rxg6 Qxg6 25. f3 Qg5 26. Qe5 f6 27. Qxg5 hxg5 28. Kf2 c5 29. Bc1 Kf7 30. Be3 c4 1/2-1/2

[Event "POL-chT 2nd League"]
[Site "Wysowa"]
[Date "2003.09.14"]
[Round "11"]
[White "Murawski, Wieslaw"]
[Black "Krolikowski, Ryszard"]
[Result "1/2-1/2"]
[WhiteElo "1876"]
[BlackElo "2147"]
[PlyCount "56"]
[EventDate "2003.09.06"]
[EventType "team-swiss"]
[EventRounds "11"]
[EventCountry "POL"]
[SourceTitle "CBM 096 Extra"]
[Source "ChessBase"]
[SourceDate "2003.10.22"]
[SourceVersion "2"]
[SourceVersionDate "2003.10.20"]
[SourceQuality "1"]
[WhiteTeam "Pruszcz Jantar II"]
[BlackTeam "Pultusk Nadnarwianka"]
[WhiteTeamCountry "POL"]
[BlackTeamCountry "POL"]

1. e4 Nf6 2. e5 Nd5 3. c4 Nb6 4. d4 d6 5. exd6 exd6 6. Nc3 Be7 7. Be2 0-0 8. h3 Bf5 9. Nf3 Nc6 10. Be3 Nb4 11. Rc1 c5 12. a3 Nc6 13. d5 Ne5 14. Nxe5 dxe5 15. 0-0 Bg6 16. Na4 Qc7 17. Nxb6 axb6 18. f4 f5 19. Qd2 e4 20. Rfd1 Bd6 21. g3 Rfd8 22. Qc3 Qe7 23. Ra1 Be8 24. h4 Ra6 25. b3 Rda8 26. a4 Bd7 27. Kf2 Rf8 28. Rh1 Qf6 1/2-1/2

[Event "POL-chT 2nd League"]
[Site "Wysowa"]
[Date "2003.09.09"]
[Round "5"]
[White "Krolikowski, Ryszard"]
[Black "Baj, Michal"]
[Result "1-0"]
[WhiteElo "2147"]
[BlackElo "2114"]
[PlyCount "41"]
[EventDate "2003.09.06"]
[EventType "team-swiss"]
[EventRounds "11"]
[EventCountry "POL"]
[SourceTitle "CBM 096 Extra"]
[Source "ChessBase"]
[SourceDate "2003.10.22"]
[SourceVersion "2"]
[SourceVersionDate "2003.10.20"]
[SourceQuality "1"]
[WhiteTeam "Pultusk Nadnarwianka"]
[BlackTeam "Gliwice Roszada"]
[WhiteTeamCountry "POL"]
[BlackTeamCountry "POL"]

1. e4 c5 2. Nf3 e6 3. b3 Nc6 4. Bb2 Nf6 5. e5 Nd5 6. c4 Nc7 7. Nc3 Be7 8. Ne4 0-0 9. Bd3 d5 10. exd6 Bxd6 11. Nxd6 Qxd6 12. Be4 Nd4 13. Nxd4 cxd4 14. Qf3 Rb8 15. Qg3 e5 16. 0-0 f5 17. c5 Qxc5 18. Rfc1 Qd6 19. Ba3 Qb6 20. Bxf8 Kxf8 21. Qxe5 1-0

[Event "POL-chT 58th 2nd League"]
[Site "Wisla"]
[Date "2002.??.??"]
[Round "?"]
[White "Krolikowski, Ryszard"]
[Black "Caba, Tomasz"]
[Result "1/2-1/2"]
[WhiteElo "2143"]
[BlackElo "2111"]
[PlyCount "40"]
[EventDate "2002.08.30"]
[EventType "team-swiss"]
[EventRounds "11"]
[EventCountry "POL"]
[SourceTitle "EXT 2019"]
[Source "ChessBase"]
[SourceDate "2018.10.10"]
[SourceVersion "1"]
[SourceVersionDate "2018.10.10"]
[SourceQuality "1"]

1. e4 c5 2. Nf3 Nc6 3. Bb5 g6 4. Bxc6 bxc6 5. 0-0 Bg7 6. d3 d6 7. h3 Rb8 8. c3 e6 9. Qa4 Qc7 10. Nbd2 Ne7 11. Nc4 d5 12. exd5 exd5 13. Nce5 f6 14. Ng4 g5 15. Ngh2 h5 16. h4 g4 17. Bf4 Qb6 18. Bxb8 Qxb8 19. Nd2 Bh6 20. Rfd1 g3 1/2-1/2

[Event "POL-chT 58th 2nd League"]
[Site "Wisla"]
[Date "2002.??.??"]
[Round "?"]
[White "Krolikowski, Ryszard"]
[Black "Mielczarski, Miroslaw"]
[Result "1-0"]
[WhiteElo "2143"]
[BlackElo "2263"]
[PlyCount "40"]
[EventDate "2002.08.30"]
[EventType "team-swiss"]
[EventRounds "11"]
[EventCountry "POL"]
[SourceTitle "EXT 2019"]
[Source "ChessBase"]
[SourceDate "2018.10.10"]
[SourceVersion "1"]
[SourceVersionDate "2018.10.10"]
[SourceQuality "1"]

1. e4 c5 2. Nf3 d6 3. c3 Nf6 4. Bb5+ Bd7 5. Bxd7+ Qxd7 6. d3 Nc6 7. 0-0 e6 8. Qe2 Be7 9. d4 cxd4 10. cxd4 d5 11. e5 Ne4 12. Nbd2 Nxd2 13. Bxd2 0-0 14. Rac1 Rfe8 15. Rfd1 f5 16. exf6 gxf6 17. Bh6 Bf8 18. Bxf8 Rxf8 19. Rd3 Rf7 20. Re3 Re8 1-0

[Event "Warsaw-ch"]
[Site "Warsaw"]
[Date "1997.??.??"]
[Round "5"]
[White "Krolikowski, Ryszard"]
[Black "Szefer, Michal"]
[Result "1/2-1/2"]
[WhiteElo "2095"]
[BlackElo "2140"]
[PlyCount "27"]
[EventDate "1997.??.??"]
[EventType "swiss"]
[EventRounds "9"]
[EventCountry "POL"]
[SourceTitle "EXT 2000"]
[Source "ChessBase"]
[SourceDate "1999.11.16"]
[SourceVersion "1"]
[SourceVersionDate "1999.11.16"]
[SourceQuality "1"]

1. e4 c5 2. Nc3 e6 3. g3 d5 4. exd5 exd5 5. d3 Nf6 6. Bg5 Be7 7. Bg2 0-0 8. Nge2 Be6 9. Bxf6 Bxf6 10. 0-0 Nc6 11. Nf4 Bxc3 12. bxc3 Qd6 13. Rb1 b6 14. Qh5 1/2-1/2